Handbook of anatomy & physiology for para-medics (Record no. 6741)

MARC details
000 -LEADER
fixed length control field 01024 a2200229 4500
005 - DATE AND TIME OF LATEST TRANSACTION
control field 20080908115318.0
008 - FIXED-LENGTH DATA ELEMENTS--GENERAL INFORMATION
fixed length control field 080908t xxu||||| |||| 00| 0 eng d
010 ## - LIBRARY OF CONGRESS CONTROL NUMBER
LC control number ENG-87606
020 ## - INTERNATIONAL STANDARD BOOK NUMBER
Terms of availability 249.00
International Standard Book Number 8180040054
035 ## - SYSTEM CONTROL NUMBER
System control number EN-71139
037 ## - SOURCE OF ACQUISITION
Source of stock number/acquisition D.B.Act / Pub
082 ## - DEWEY DECIMAL CLASSIFICATION NUMBER
Classification number 611
100 ## - MAIN ENTRY--PERSONAL NAME
Personal name Chandra Shekhar, A.
245 ## - TITLE STATEMENT
Title Handbook of anatomy & physiology for para-medics
Statement of responsibility, etc by A. Chandra Shekhar
Remainder of title for B.Sc. Nursing physiotherapy & pharmacy
260 ## - PUBLICATION, DISTRIBUTION, ETC. (IMPRINT)
Place of publication, distribution, etc New Delhi
Name of publisher, distributor, etc All India Publishers & Distributors
Date of publication, distribution, etc 2007 (rpr)
270 ## - ADDRESS
Address 113, Ouunamallee High Road, (Gee Gee Shroff Centre, Opp. H. J. Hospital)
City Chennai
Postal code 600084
Telephone number 8233004
Electronic mail address aipdraj@vsnl.com
Fax number 8204911
270 ## - ADDRESS
Address 4380/4-B, Ansari Road, Darya Ganj
City New Delhi
Postal code 110 002
Telephone number 011-23244429
Fax number 011-22467613
300 ## - PHYSICAL DESCRIPTION
Extent 408 p.
Dimensions 24 cm. (Pbk)
500 ## - GENERAL NOTE
General note Includes index
942 ## - ADDED ENTRY ELEMENTS (KOHA)
Institution code [OBSOLETE] dpl
Koha item type English Books
Call number prefix 611 / CHA
Source of classification or shelving scheme Dewey Decimal Classification
Classification part 611
Call number suffix CHA
Holdings
Withdrawn status Lost status Damaged status Not for loan Collection code Home library Current library Date acquired Cost, normal purchase price Total Checkouts Full call number Barcode Date last seen Copy number Uniform Resource Identifier Cost, replacement price Price effective from Koha item type
      Not For Loan Non-fiction D.B.Act.Division D.B.Act.Division 08/09/2008 249.00   611 CHA EN-71139 15/09/2008 1 7243 249.00 15/09/2008 English Books

© Delhi Public Library
Hit Counter
free hit counter